[Event "29. Torneo Collado Villalba 2012"]
[Site "Collado Villalba ESP"]
[Date "2012.09.01"]
[Round "9.3"]
[White "Roa Alonso, Santiago"]
[Black "Renteria, Jorge"]
[Result "1/2-1/2"]
[WhiteElo "2426"]
[BlackElo "2307"]
[PlyCount "41"]
[EventDate "2012.08.24"]
[EventType "swiss"]
[EventRounds "9"]
[EventCountry "ESP"]
[Source "lmi"]
[SourceDate "2012.08.24"]

1. e4 c5 2. c3 d6 3. Nf3 Nf6 4. h3 Nbd7 5. Bd3 b6 6. O-O Bb7 7. Re1 Qc7 8. Bc2
Rc8 9. d3 g6 10. a4 Bg7 11. Na3 a6 12. Bg5 O-O 13. Qd2 Rfe8 14. Bh6 e5 15. Bxg7
Kxg7 16. h4 h6 17. Nc4 Ng8 18. Ne3 Ndf6 19. Bb3 Rcd8 20. c4 a5 21. Rf1 1/2-1/2

[Event "29. Torneo Collado Villalba 2012"]
[Site "Collado Villalba ESP"]
[Date "2012.09.01"]
[Round "9.4"]
[White "Sanchez Gonzalez, Sergio"]
[Black "Garcia Vicente, Nieves"]
[Result "1-0"]
[WhiteElo "2273"]
[BlackElo "2190"]
[PlyCount "63"]
[EventDate "2012.08.24"]
[EventType "swiss"]
[EventRounds "9"]
[EventCountry "ESP"]
[Source "lmi"]
[SourceDate "2012.08.24"]

1. c4 e6 2. g3 d5 3. Bg2 dxc4 4. Qa4+ Nd7 5. Qxc4 c5 6. Nf3 a6 7. Qc2 Ne7 8.
O-O Nc6 9. a3 Be7 10. e3 Nf6 11. Rd1 Bd7 12. b3 Rc8 13. Bb2 h6 14. d3 O-O 15.
Nbd2 Nd5 16. Rac1 f6 17. Qb1 Qe8 18. Qa1 Qh5 19. d4 cxd4 20. Nxd4 Rfd8 21. e4
Nb6 22. Nxc6 Bxc6 23. Bd4 Nd7 24. b4 Ba4 25. Rxc8 Qxd1+ 26. Qxd1 Bxd1 27. Rc7
b6 28. Ra7 Kf8 29. Be3 Nb8 30. Nf3 Rd7 31. Ra8 Rb7 32. e5 1-0

[Event "29. Torneo Collado Villalba 2012"]
[Site "Collado Villalba ESP"]
[Date "2012.09.01"]
[Round "9.5"]
[White "Colas Longares, Rafael P"]
[Black "Pascual Palomo, Lucia"]
[Result "0-1"]
[WhiteElo "2336"]
[BlackElo "2120"]
[PlyCount "48"]
[EventDate "2012.08.24"]
[EventType "swiss"]
[EventRounds "9"]
[EventCountry "ESP"]
[Source "lmi"]
[SourceDate "2012.08.24"]

1. e4 e6 2. d3 c5 3. Nf3 Nc6 4. g3 d6 5. Bg2 Nge7 6. O-O e5 7. c3 g6 8. d4 exd4
9. cxd4 Bg4 10. dxc5 dxc5 11. Qa4 Bg7 12. Nc3 O-O 13. Bf4 Nd4 14. Nxd4 cxd4 15.
Nb5 Qd7 16. Qb4 Be2 17. Rfc1 Qxb5 18. Qxe7 Qxb2 19. Rab1 Qxa2 20. Rxb7 d3 21.
Rd7 Bb2 22. e5 Rae8 23. Qd6 Bxc1 24. Bxc1 Qc2 0-1

[Event "29. Torneo Collado Villalba 2012"]
[Site "Collado Villalba ESP"]
[Date "2012.09.01"]
[Round "9.6"]
[White "Unciti Juan, Javier"]
[Black "Bermejo Arruego, Luis"]
[Result "0-1"]
[WhiteElo "2143"]
[BlackElo "2188"]
[PlyCount "58"]
[EventDate "2012.08.24"]
[EventType "swiss"]
[EventRounds "9"]
[EventCountry "ESP"]
[Source "lmi"]
[SourceDate "2012.08.24"]

1. e4 g6 2. d4 Bg7 3. Be3 c5 4. c3 cxd4 5. cxd4 d5 6. f3 dxe4 7. fxe4 Nf6 8.
Bb5+ Nc6 9. e5 Nd5 10. Qd2 O-O 11. Nf3 Qb6 12. Nc3 Ncb4 13. Rc1 Nxe3 14. Qxe3
Nxa2 15. Nxa2 Qxb5 16. Qd2 Rd8 17. Nc3 Qa5 18. Qf2 Bh6 19. O-O Bxc1 20. Rxc1
Bg4 21. Ng5 f6 22. b4 Qa3 23. Rf1 Rf8 24. Nb5 Qb3 25. Nxh7 Kxh7 26. Qh4+ Bh5
27. exf6 Qe3+ 28. Kh1 Rxf6 29. Re1 Rf4 0-1

[Event "29. Torneo Collado Villalba 2012"]
[Site "Collado Villalba ESP"]
[Date "2012.09.01"]
[Round "9.7"]
[White "Cao Armillas, Jesus"]
[Black "Rasskin Friederichs, Ivan"]
[Result "1-0"]
[WhiteElo "2163"]
[BlackElo "2027"]
[PlyCount "79"]
[EventDate "2012.08.24"]
[EventType "swiss"]
[EventRounds "9"]
[EventCountry "ESP"]
[Source "lmi"]
[SourceDate "2012.08.24"]

1. d4 Nf6 2. c4 g6 3. Nc3 Bg7 4. g3 O-O 5. Bg2 d6 6. Nf3 Nc6 7. O-O a6 8. Qd3
e5 9. Rd1 exd4 10. Nxd4 Ne5 11. Qc2 Nxc4 12. Bg5 Nb6 13. a4 Rb8 14. Rac1 h6 15.
Bxf6 Bxf6 16. a5 Na8 17. Ne4 Bg7 18. Qb3 Bd7 19. Qa3 Qe7 20. Nc3 Be6 21. f4 c6
22. Nxe6 Qxe6 23. Qxd6 Qe3+ 24. Kf1 Rbd8 25. Qxd8 Rxd8 26. Rxd8+ Kh7 27. Rcd1
Nc7 28. R8d3 Qc5 29. e4 Ne6 30. e5 Qxa5 31. h4 Qb4 32. R1d2 Nc5 33. Rd8 a5 34.
h5 gxh5 35. Bh3 Qc4+ 36. Kg2 Bh8 37. Bf5+ Kg7 38. Re8 Ne6 39. Bxe6 fxe6 40.
Rd7+ 1-0

[Event "29. Torneo Collado Villalba 2012"]
[Site "Collado Villalba ESP"]
[Date "2012.09.01"]
[Round "9.8"]
[White "Gonzalez Mateos, Rafael"]
[Black "Lopez Mulet, Iñigo"]
[Result "1-0"]
[WhiteElo "2161"]
[BlackElo "1960"]
[PlyCount "59"]
[EventDate "2012.08.24"]
[EventType "swiss"]
[EventRounds "9"]
[EventCountry "ESP"]
[Source "lmi"]
[SourceDate "2012.08.24"]

1. d4 Nf6 2. c3 c5 3. Nf3 e6 4. Bf4 Nc6 5. e3 d5 6. Nbd2 Qb6 7. Qb3 c4 8. Qc2
Nh5 9. Bg5 Qc7 10. Be2 b5 11. O-O-O h6 12. Bh4 b4 13. Kb1 Bd7 14. Nxc4 dxc4 15.
d5 exd5 16. e4 Ne7 17. Nd4 Nf4 18. exd5 Nfxd5 19. Bg3 Qc5 20. cxb4 Qxb4 21.
Rhe1 Rc8 22. a3 Qa4 23. Qe4 c3 24. Bd3 Bc6 25. Bc2 Qa6 26. Nxc6 Nf6 27. Qd4 Qb6
28. Qxb6 axb6 29. Na7 Rc4 30. Nb5 1-0

[Event "29. Torneo Collado Villalba 2012"]
[Site "Collado Villalba ESP"]
[Date "2012.09.01"]
[Round "9.9"]
[White "Ginesta Caballero, Olga Lucia"]
[Black "Pastor Alonso de Prado, Alberto"]
[Result "0-1"]
[WhiteElo "2093"]
[BlackElo "2172"]
[PlyCount "76"]
[EventDate "2012.08.24"]
[EventType "swiss"]
[EventRounds "9"]
[EventCountry "ESP"]
[Source "lmi"]
[SourceDate "2012.08.24"]

1. e4 e5 2. Nf3 Nc6 3. d4 exd4 4. Bc4 Be7 5. c3 Na5 6. Bd3 dxc3 7. Nxc3 d6 8.
O-O Nf6 9. Nd5 Nc6 10. h3 Ne5 11. Nxe5 dxe5 12. Nxe7 Qxe7 13. Qb3 O-O 14. Bg5
h6 15. Be3 b6 16. Rac1 Bb7 17. f3 Rad8 18. Rc3 Nh5 19. Rfc1 c5 20. a4 Rd6 21.
a5 Rg6 22. Bf1 Bc8 23. g4 Nf4 24. Bf2 h5 25. axb6 axb6 26. Ra1 hxg4 27. fxg4
Rd6 28. Qc2 Rfd8 29. Be1 Rd4 30. Re3 Qg5 31. Qf2 Bb7 32. Ra7 Bxe4 33. Bc3 Rd1
34. Kh2 Qg6 35. Qh4 f6 36. Bc4+ Bd5 37. Bxd5+ R1xd5 38. Qf2 Rd3 0-1

[Event "29. Torneo Collado Villalba 2012"]
[Site "Collado Villalba ESP"]
[Date "2012.09.01"]
[Round "9.10"]
[White "Martin Martin, Luis Vicente"]
[Black "Prieto Martin, Alfonso"]
[Result "0-1"]
[WhiteElo "2069"]
[BlackElo "2146"]
[PlyCount "58"]
[EventDate "2012.08.24"]
[EventType "swiss"]
[EventRounds "9"]
[EventCountry "ESP"]
[Source "lmi"]
[SourceDate "2012.08.24"]

1. d4 e6 2. Nf3 Nf6 3. Bf4 Be7 4. e3 Nh5 5. Bg3 d6 6. Bd3 f5 7. Nbd2 Bf6 8. c3
e5 9. Be2 f4 10. dxe5 fxg3 11. exf6 gxf2+ 12. Kxf2 Nxf6 13. h3 O-O 14. Qb3+ Kh8
15. Rae1 Nbd7 16. Rhf1 Nc5 17. Qd1 Qe7 18. Bc4 d5 19. Be2 Nce4+ 20. Kg1 Ng3 21.
Rf2 Qxe3 22. Nf1 Nxe2+ 23. Qxe2 Qb6 24. Qe3 Ne4 25. Rfe2 Bxh3 26. N3d2 Bg4 27.
Qxb6 axb6 28. Re3 Nxd2 29. Nxd2 Rxa2 0-1

[Event "29. Torneo Collado Villalba 2012"]
[Site "Collado Villalba ESP"]
[Date "2012.09.01"]
[Round "9.12"]
[White "Estrada Martinez, Cesar"]
[Black "Torres Samper, Rafael"]
[Result "1-0"]
[WhiteElo "2111"]
[BlackElo "2000"]
[PlyCount "93"]
[EventDate "2012.08.24"]
[EventType "swiss"]
[EventRounds "9"]
[EventCountry "ESP"]
[Source "lmi"]
[SourceDate "2012.08.24"]

1. Nf3 Nf6 2. c4 g6 3. d4 Bg7 4. Nc3 O-O 5. g3 d6 6. Bg2 Nc6 7. Bf4 Nh5 8. Bc1
Nf6 9. O-O e5 10. h3 exd4 11. Nxd4 Nxd4 12. Qxd4 c6 13. Qd3 Be6 14. Bf4 d5 15.
cxd5 Nxd5 16. Nxd5 Bxd5 17. Bxd5 Qxd5 18. Qxd5 cxd5 19. Rad1 Rfd8 20. Rd2 Rac8
21. Rfd1 Rc5 22. b4 Rb5 23. a3 f5 24. Be3 Rd7 25. Bc5 b6 26. a4 bxc5 27. axb5
cxb4 28. Rxd5 Rxd5 29. Rxd5 b3 30. b6 axb6 31. Rb5 b2 32. Rxb6 Kf7 33. Kf1 Bd4
34. Rb3 Ke6 35. e3 Bg7 36. Ke2 Kd5 37. Kd3 h6 38. f3 g5 39. Kc2 g4 40. Rb5+ Ke6
41. hxg4 fxg4 42. f4 Kf7 43. e4 Bd4 44. Kd3 Bf2 45. Rxb2 Bxg3 46. Rc2 Bxf4 47.
Rf2 1-0

[Event "29. Torneo Collado Villalba 2012"]
[Site "Collado Villalba ESP"]
[Date "2012.09.01"]
[Round "9.13"]
[White "Martinez Alvira, Santiago"]
[Black "Draghici Flutur, Gavril"]
[Result "0-1"]
[WhiteElo "2000"]
[BlackElo "2099"]
[PlyCount "48"]
[EventDate "2012.08.24"]
[EventType "swiss"]
[EventRounds "9"]
[EventCountry "ESP"]
[Source "lmi"]
[SourceDate "2012.08.24"]

1. e4 c5 2. Nf3 d6 3. d3 Nc6 4. g3 g6 5. Bg2 Bg7 6. O-O e6 7. Nh4 Nge7 8. f4
O-O 9. f5 exf5 10. Nc3 fxe4 11. Nxe4 f5 12. Ng5 h6 13. Nh3 Ne5 14. Nf3 Qe8 15.
a4 Rb8 16. c3 Bd7 17. Nf4 Qf7 18. Re1 Bc6 19. Be3 Rfe8 20. Ra3 Nxf3+ 21. Bxf3
Bxf3 22. Qxf3 g5 23. Ne2 Nc6 24. Raa1 Ne5 0-1

[Event "29. Torneo Collado Villalba 2012"]
[Site "Collado Villalba ESP"]
[Date "2012.09.01"]
[Round "9.14"]
[White "Lorite Cruz, Francisco"]
[Black "Garcia-Ruiz Fuentes, Angel M"]
[Result "1-0"]
[WhiteElo "2039"]
[BlackElo "1942"]
[PlyCount "107"]
[EventDate "2012.08.24"]
[EventType "swiss"]
[EventRounds "9"]
[EventCountry "ESP"]
[Source "lmi"]
[SourceDate "2012.08.24"]

1. e4 Nf6 2. Nc3 e5 3. f4 d5 4. fxe5 Nxe4 5. Qf3 Nxc3 6. bxc3 c5 7. Qg3 Bf5 8.
Rb1 Qc7 9. Bd3 Bxd3 10. cxd3 Nc6 11. Nf3 d4 12. O-O h6 13. e6 O-O-O 14. Qxc7+
Kxc7 15. exf7 g5 16. cxd4 cxd4 17. Rb5 Bd6 18. Bb2 Rhf8 19. h4 Rxf7 20. hxg5
hxg5 21. Rxg5 Be7 22. Rg4 Bc5 23. Rc1 Kb6 24. Ng5 Rf5 25. Ne4 Nb4 26. Nxc5 Rxc5
27. Rxc5 Kxc5 28. Ba3 Kb5 29. Rg7 Nxd3 30. Rxb7+ Ka6 31. Rg7 Ne5 32. Bc5 Nc6
33. a4 Rd5 34. Ba3 Ka5 35. Rc7 Kxa4 36. Rxc6 Kxa3 37. Ra6+ Kb3 38. Rxa7 Kc2 39.
Ra2+ Kd3 40. Kf2 Rc5 41. g4 Rc1 42. Kf3 Rd1 43. g5 Rf1+ 44. Kg4 Ke4 45. Ra8
Rg1+ 46. Kh5 Rh1+ 47. Kg6 Rh2 48. Ra2 Kd3 49. Kf7 Rxd2 50. Rxd2+ Kxd2 51. g6
Kc2 52. g7 d3 53. g8=Q d2 54. Qc8+ 1-0

[Event "29. Torneo Collado Villalba 2012"]
[Site "Collado Villalba ESP"]
[Date "2012.09.01"]
[Round "9.15"]
[White "Montoya Pecurul, Marc"]
[Black "Hernandez Yañez, Javier"]
[Result "1-0"]
[WhiteElo "1925"]
[BlackElo "1952"]
[PlyCount "105"]
[EventDate "2012.08.24"]
[EventType "swiss"]
[EventRounds "9"]
[EventCountry "ESP"]
[Source "lmi"]
[SourceDate "2012.08.24"]

1. e4 e6 2. d4 d5 3. exd5 exd5 4. Nf3 Bg4 5. h3 Bh5 6. Qe2+ Qe7 7. Be3 Nc6 8.
g4 Bg6 9. Nc3 O-O-O 10. O-O-O f6 11. Bg2 a6 12. Nh4 Bf7 13. Nf5 Qb4 14. a3 Qb6
15. Qd3 g6 16. Ng3 Na5 17. Rde1 Nc4 18. Nd1 Bd6 19. Ne2 g5 20. Bxd5 Bxd5 21.
Qf5+ Kb8 22. Qxd5 Nxe3 23. fxe3 c5 24. Qf3 cxd4 25. exd4 Ne7 26. Ndc3 Rhf8 27.
Na4 Qc7 28. Qc3 Nd5 29. Qxc7+ Kxc7 30. c4 Bf4+ 31. Nxf4 Nxf4 32. Re7+ Rd7 33.
Rxd7+ Kxd7 34. Kc2 Re8 35. Nc3 Re3 36. h4 Rh3 37. Rxh3 Nxh3 38. hxg5 Nxg5 39.
Kd3 Ke6 40. Ne4 Nf3 41. Nc5+ Ke7 42. Nxb7 Nh2 43. d5 Nxg4 44. c5 Kd7 45. Kd4 h5
46. c6+ Kc7 47. Kc5 Ne5 48. d6+ Kc8 49. Kd5 h4 50. Nc5 h3 51. d7+ Nxd7 52.
cxd7+ Kc7 53. Ke6 1-0

[Event "29. Torneo Collado Villalba 2012"]
[Site "Collado Villalba ESP"]
[Date "2012.09.01"]
[Round "9.16"]
[White "Saez Gabikagogeaskoa, Oscar"]
[Black "Martin Carmona, Gaston Manuel"]
[Result "1/2-1/2"]
[WhiteElo "1989"]
[BlackElo "1779"]
[PlyCount "98"]
[EventDate "2012.08.24"]
[EventType "swiss"]
[EventRounds "9"]
[EventCountry "ESP"]
[Source "lmi"]
[SourceDate "2012.08.24"]

1. e4 c5 2. c3 e6 3. Nf3 d5 4. exd5 Qxd5 5. d4 Nf6 6. Be2 Be7 7. Na3 a6 8. O-O
O-O 9. Nc4 Qd8 10. dxc5 Nd5 11. Nd6 Nd7 12. c4 N5f6 13. Be3 Ng4 14. Bd4 e5 15.
Bc3 Nxc5 16. Nxc8 Qxc8 17. Nxe5 Nxe5 18. Bxe5 Qf5 19. Bc3 Rad8 20. Bg4 Qg6 21.
Qf3 Rd3 22. Qf5 Na4 23. Qxg6 hxg6 24. Be2 Rd7 25. Be5 Rd2 26. Bd1 Nxb2 27. Bb3
Bc5 28. Bxb2 Rxb2 29. Rab1 Bxf2+ 30. Kh1 Rxb1 31. Rxb1 Re8 32. g3 Bc5 33. Kg2
f5 34. Bd1 b6 35. Bf3 Kf7 36. Rd1 Re7 37. h4 Kf6 38. Rd5 g5 39. Rd8 Rf7 40.
hxg5+ Ke7 41. Ra8 Kd6 42. Rxa6 Be3 43. Bd5 Re7 44. g6 Kc5 45. Kf3 Bd4 46. Kf4
Be5+ 47. Kxf5 Bxg3 48. Ra3 Bf2 49. Rb3 Bd4 1/2-1/2

[Event "29. Torneo Collado Villalba 2012"]
[Site "Collado Villalba ESP"]
[Date "2012.09.01"]
[Round "9.17"]
[White "Lopez Heras, Arturo"]
[Black "Velasco Garcia, Jorge Juan"]
[Result "1/2-1/2"]
[WhiteElo "1971"]
[BlackElo "1920"]
[PlyCount "90"]
[EventDate "2012.08.24"]
[EventType "swiss"]
[EventRounds "9"]
[EventCountry "ESP"]
[Source "lmi"]
[SourceDate "2012.08.24"]

1. e4 Nf6 2. e5 Nd5 3. d4 d6 4. Nf3 Bg4 5. Be2 e6 6. O-O Be7 7. c4 Nb6 8. h3
Bh5 9. Nc3 dxe5 10. dxe5 Qxd1 11. Rxd1 N8d7 12. g4 Bg6 13. Nb5 Bd8 14. Bg5 a6
15. Bxd8 Kxd8 16. Nc3 Ke7 17. b4 c5 18. a3 Rhc8 19. b5 axb5 20. Nxb5 Ra4 21.
Ra2 Rca8 22. Rad2 Be4 23. Nc3 Rxc4 24. Nxe4 Rxe4 25. Bd3 Rea4 26. Bb5 Rxa3 27.
Rxd7+ Nxd7 28. Rxd7+ Kf8 29. Ng5 h6 30. Nxf7 Rxh3 31. Kg2 Rh4 32. Kg3 g5 33.
Nh8 Rh1 34. Ng6+ Kg8 35. Re7 Rg1+ 36. Kh2 Rxg4 37. Bd7 Ra6 38. Bxe6+ Rxe6 39.
Rxe6 c4 40. Rb6 Kf7 41. Rf6+ Kg7 42. Ne7 Re4 43. Nf5+ Kg8 44. Ne7+ Kg7 45. Nf5+
Kg8 1/2-1/2

[Event "29. Torneo Collado Villalba 2012"]
[Site "Collado Villalba ESP"]
[Date "2012.09.01"]
[Round "9.18"]
[White "Lopez Ziegler, Carlos"]
[Black "Perez De Villar Muñoz , Eusebio"]
[Result "0-1"]
[WhiteElo "1918"]
[BlackElo "2023"]
[PlyCount "62"]
[EventDate "2012.08.24"]
[EventType "swiss"]
[EventRounds "9"]
[EventCountry "ESP"]
[Source "lmi"]
[SourceDate "2012.08.24"]

1. e4 e5 2. Nf3 Nf6 3. Nxe5 d6 4. Nf3 Nxe4 5. d4 d5 6. Bd3 Be7 7. O-O Nc6 8. h3
O-O 9. Re1 Nd6 10. Nc3 Nb4 11. Ne5 Nxd3 12. Nxd3 c6 13. Bf4 Bf5 14. Ne5 Re8 15.
g4 Bg6 16. Nxg6 hxg6 17. Ne2 Ne4 18. f3 Nd6 19. Qd3 Bh4 20. Rf1 Re6 21. b3 Qe7
22. Ng3 Re8 23. Rad1 g5 24. Bxd6 Qxd6 25. Nf5 Qf4 26. Rd2 g6 27. Nxh4 gxh4 28.
Rg2 Re1 29. c3 R8e3 30. Qc2 Rxf1+ 31. Kxf1 Qxf3+ 0-1

[Event "29. Torneo Collado Villalba 2012"]
[Site "Collado Villalba ESP"]
[Date "2012.09.01"]
[Round "9.19"]
[White "Garcia Saez, Juan Carlos"]
[Black "Torres Grajales, Ramon"]
[Result "0-1"]
[WhiteElo "2004"]
[BlackElo "2017"]
[PlyCount "110"]
[EventDate "2012.08.24"]
[EventType "swiss"]
[EventRounds "9"]
[EventCountry "ESP"]
[Source "lmi"]
[SourceDate "2012.08.24"]

1. e4 e5 2. Nf3 Nc6 3. Bb5 a6 4. Ba4 Nf6 5. Bxc6 dxc6 6. d3 Bc5 7. Nbd2 Qe7 8.
Nc4 Bg4 9. h3 Bxf3 10. Qxf3 Nd7 11. O-O O-O-O 12. Be3 f6 13. a3 Kb8 14. b4 Bxe3
15. Qxe3 Nf8 16. Rfb1 Ne6 17. a4 Nd4 18. Rb2 b6 19. c3 Ne6 20. Rd1 Rd7 21. Nxb6
cxb6 22. Qxb6+ Rb7 23. Qxa6 Qd7 24. Qc4 Rd8 25. b5 c5 26. a5 Nf4 27. a6 Rb6 28.
Qxc5 Ka7 29. d4 Ne6 30. Qb4 Rdb8 31. Rdb1 Nc7 32. Qc5 exd4 33. c4 Ne6 34. Qa3
Rc8 35. Rc1 Nc5 36. f3 d3 37. Rd2 Qd4+ 38. Kh1 g6 39. Qc3 Qxc3 40. Rxc3 Re8 41.
Kg1 f5 42. exf5 gxf5 43. Rcxd3 Nxd3 44. Rxd3 Re7 45. Rd5 Rf7 46. Kf2 f4 47. g4
fxg3+ 48. Kxg3 Rg6+ 49. Kf2 Kb6 50. h4 Rgf6 51. Rd3 Rf4 52. Rd6+ Ka7 53. c5
Rxf3+ 54. Ke2 Rb3 55. b6+ Kxa6 0-1

[Event "29. Torneo Collado Villalba 2012"]
[Site "Collado Villalba ESP"]
[Date "2012.09.01"]
[Round "9.20"]
[White "Martin-Consuegra Barrilero, Francisco Javier"]
[Black "Perez Cameselle, Francisco"]
[Result "0-1"]
[WhiteElo "1895"]
[BlackElo "1843"]
[PlyCount "43"]
[EventDate "2012.08.24"]
[EventType "swiss"]
[EventRounds "9"]
[EventCountry "ESP"]
[Source "lmi"]
[SourceDate "2012.08.24"]

1. d4 e6 2. Bf4 Nf6 3. e3 Be7 4. h3 O-O 5. Nf3 b6 6. Nbd2 Bb7 7. Be2 c5 8. c3
d5 9. O-O Nc6 10. Ne5 Nd7 11. Nxc6 Bxc6 12. a4 h6 13. Bd3 Nf6 14. Qf3 Bd6 15.
Rfd1 Bxf4 16. exf4 cxd4 17. cxd4 a5 18. Qe2 Qd6 19. Qe3 Rfe8 20. b3 Rac8 21.
Rac1 Bb7 22. Bb1 0-1

[Event "29. Torneo Collado Villalba 2012"]
[Site "Collado Villalba ESP"]
[Date "2012.09.01"]
[Round "9.21"]
[White "Gonzalez Mateo, Jose Luis"]
[Black "Gutierrez Mordini, Pablo"]
[Result "0-1"]
[WhiteElo "1781"]
[BlackElo "1690"]
[PlyCount "44"]
[EventDate "2012.08.24"]
[EventType "swiss"]
[EventRounds "9"]
[EventCountry "ESP"]
[Source "lmi"]
[SourceDate "2012.08.24"]

1. d4 d5 2. Bf4 Nf6 3. e3 e6 4. c3 c5 5. Bd3 Nbd7 6. Nd2 c4 7. Bb1 Be7 8. Ngf3
O-O 9. Ne5 Nxe5 10. dxe5 Nd7 11. Qh5 f5 12. g4 Nc5 13. gxf5 exf5 14. Rg1 Qe8
15. Qh3 a5 16. Bh6 Rf7 17. Qg3 Ra6 18. e6 Rxe6 19. Bxf5 Rxh6 20. Bc2 Bh4 21.
Qg2 Bxf2+ 22. Ke2 Qxe3+ 0-1